[Event "Kolomna-ch 67th"]
[Site "Kolomna"]
[Date "2016.12.25"]
[Round "2"]
[White "Beskov, Vladimir Alekseevic"]
[Black "Kalinin, Aleksandr Vladimiro"]
[Result "1/2-1/2"]
[WhiteElo "1903"]
[BlackElo "2082"]
[PlyCount "82"]
[EventDate "2016.12.24"]
[EventType "swiss"]
[EventRounds "10"]
[EventCountry "RUS"]
[SourceTitle "EXT 2019"]
[Source "ChessBase"]
[SourceDate "2018.10.10"]
[SourceVersion "1"]
[SourceVersionDate "2018.10.10"]
[SourceQuality "1"]

1. d4 Nf6 2. Nf3 c5 3. c3 d5 4. Bf4 Nc6 5. e3 e6 6. Nbd2 Be7 7. Bd3 Nh5 8. Bg3 f5 9. Ne5 Nxg3 10. Nxc6 bxc6 11. hxg3 g6 12. g4 0-0 13. gxf5 exf5 14. g3 Rb8 15. Rb1 cxd4 16. cxd4 c5 17. dxc5 Bxc5 18. Nb3 Bb4+ 19. Kf1 Bd6 20. Be2 Be5 21. Rh4 Qd6 22. Ra4 a6 23. Bf3 Rd8 24. Nd4 Bd7 25. Ra5 Bb5+ 26. Nxb5 Rxb5 27. Rxb5 axb5 28. Qb3 Kg7 29. Rd1 Qc5 30. Rxd5 Rxd5 31. Qxd5 Qc1+ 32. Kg2 Qxb2 33. Qb3 Qxb3 34. axb3 b4 35. Bd5 g5 36. f4 Bd6 37. fxg5 Kg6 38. Kf3 Kxg5 39. e4 f4 40. gxf4+ Bxf4 41. Be6 h5 1/2-1/2

[Event "Kolomna op-B"]
[Site "Kolomna"]
[Date "2012.09.30"]
[Round "6"]
[White "Kalinin, Aleksandr Vladimiro"]
[Black "Trofimovsky, Alexander"]
[Result "0-1"]
[WhiteElo "2109"]
[BlackElo "2120"]
[PlyCount "56"]
[EventDate "2012.09.27"]
[EventType "swiss"]
[EventRounds "9"]
[EventCountry "RUS"]
[SourceTitle "EXT 2013"]
[Source "ChessBase"]
[SourceDate "2012.11.22"]
[SourceVersion "1"]
[SourceVersionDate "2012.11.22"]
[SourceQuality "1"]

1. c4 c5 2. Nc3 Nc6 3. g3 g6 4. Bg2 Bg7 5. d3 e6 6. e4 Nge7 7. Nge2 d6 8. 0-0 0-0 9. Rb1 b6 10. a3 Bb7 11. b4 Qd7 12. Be3 Nd4 13. Qd2 Rfd8 14. Bg5 Rac8 15. Nxd4 cxd4 16. Ne2 d5 17. exd5 exd5 18. c5 bxc5 19. bxc5 Ba6 20. Rfe1 h6 21. c6 Rxc6 22. Bxe7 Qxe7 23. Nxd4 Qxe1+ 24. Rxe1 Bxd4 25. Qxh6 Rf6 26. Re2 Rb8 27. Bxd5 Bxd3 28. Rd2 Rb1+ 0-1

[Event "Nizhnij Novgorod Dubinin Memorial 16th"]
[Site "Nizhnij Novgorod"]
[Date "2009.01.07"]
[Round "5"]
[White "Kalinin, Aleksandr Vladimiro"]
[Black "Rakov, Mikhail"]
[Result "0-1"]
[WhiteElo "2110"]
[BlackElo "1975"]
[PlyCount "40"]
[EventDate "2009.01.03"]
[EventType "swiss"]
[EventRounds "9"]
[EventCountry "RUS"]
[SourceTitle "EXT 2010"]
[Source "ChessBase"]
[SourceDate "2010.11.25"]
[SourceVersion "1"]
[SourceVersionDate "2010.11.25"]
[SourceQuality "1"]

1. e4 c6 2. d4 d5 3. exd5 cxd5 4. c4 Nf6 5. Nc3 Nc6 6. Nf3 e6 7. Bf4 a6 8. Bd3 dxc4 9. Bxc4 b5 10. Bb3 Na5 11. 0-0 Nxb3 12. Qxb3 Bd6 13. Bg5 h6 14. Bxf6 Qxf6 15. d5 0-0 16. Ne4 Qe7 17. Nxd6 Qxd6 18. dxe6 Bxe6 19. Qe3 Rfe8 20. Rfd1 Qb4 0-1